000
00202 a2200097 4500
001
3681
100
_a
Beg, A
245
_a
Seventeen September Days
260
_a
_b
Pak Inst Int
_c
090
_c
2941
_d
2941
942
_a
NUST-CAE
_c
M
_c
21569
999
_c
238754
_d
238754